000 00392nam a22001697a 4500
003 UA-OsUOA
001 1884
007 ta
008 20050721b un ||||| |||| 00| 0 ukr d
100 _aKarl
700 _aFrederick R.
942 _cBK
040 _aUA-OsUOA
_cUA-OsUOA
_dUA-OsUOA
245 _aA Reader's Guide to the Contemporary English Novel
_bFiction
955 _a2
650 7 _2UDC
999 _c288046
_d288046